Bài tập kiểm toán /

Nội dung cuốn sách được sắp xếp theo thứ tự của từng chương trong quyển sách kiểm toán của bộ môn. Kiểm toán, Khoa Kế toán - Kiểm toán trường Đại học kinh tế Tp. HCM. Mỗi chương sẽ có các bài tập theo chủ đề của chương, được phân tha...

ver descrição completa

Na minha lista:
Detalhes bibliográficos
Autor principal: Bộ môn kiểm toán
Formato: Livro
Idioma:Vietnamese
Publicado em: Tp.HCM : Lao động-Xã hội , 2006
Edição:In lần thứ 1
Assuntos:
Tags: Adicionar Tag
Sem tags, seja o primeiro a adicionar uma tag!
Thư viện lưu trữ: Thư viện Trường CĐ Kỹ Thuật Cao Thắng
LEADER 01804nam a2200217 a 4500
001 TVCDKTCT6429
003 Thư viện trường Cao đẳng Kỹ thuật Cao Thắng
005 20070306000000
008 070306
980 \ \ |a Thư viện Trường CĐ Kỹ Thuật Cao Thắng 
024 |a RG_1 #1 eb0 i1 
041 0 # |a vie 
082 # # |a 657.45 /   |b B103T-b 
100 1 # |a Bộ môn kiểm toán 
245 0 0 |a Bài tập kiểm toán /  |c Bộ môn kiểm toán 
250 # # |a In lần thứ 1 
260 # # |a Tp.HCM :  |b Lao động-Xã hội ,  |c 2006 
300 # # |a 267tr. ;  |c 24cm 
520 # # |a Nội dung cuốn sách được sắp xếp theo thứ tự của từng chương trong quyển sách kiểm toán của bộ môn. Kiểm toán, Khoa Kế toán - Kiểm toán trường Đại học kinh tế Tp. HCM. Mỗi chương sẽ có các bài tập theo chủ đề của chương, được phân thành 3 loại: Câu hỏi trắc nghiệm, câu hỏi lý thuyết, ôn tập và bài tập. Bên cạnh các bài tập có lời giải còn có những bài tập không có đáp án nhằm giúp bạn đọc tự nghiên cứu. Sau đó, bạn đọc có thể vận dụng phối hợp kiến thức trong nhiều chương, cuốn sách cung cấp một bài tập tổng hợp. Ngoài ra, cuốn sách còn giới thiệu một số đề thi mẫu của các khoá trước và đề thi Kiểm toán trong các kỷ thi chứng chỉ Kiểm toán viên cao cấp nhà nước do Bộ Tài chính tổ chức 
650 # 4 |a Kiểm toán 
650 # 4 |a Kiểm toán--Bài tập